书目信息 |
| 题名: |
数据库原理典型题解析及自测试题
|
|
| 作者: | 王亚平 主编 | |
| 分册: | ||
| 出版信息: | 西安 西北工业大学出版社 2002.04 |
|
| 页数: | 281页 | |
| 开本: | 20cm | |
| 丛书名: | 工科课程提高与应试丛书 | |
| 单 册: | ||
| 中图分类: | TP311.131 | |
| 科图分类: | ||
| 主题词: | 数据库--解题--高等学校 | |
| 电子资源: | ||
| ISBN: | 7-5612-1451-0 | |
| 000 | 00933nam 2200253 450 | |
| 001 | 0148538783 | |
| 005 | 20050909234225.28 | |
| 010 | @a7-5612-1451-0@dCNY13.00 | |
| 100 | @a20041216d2002 km y0chiy0120 ea | |
| 101 | 0 | @achi |
| 102 | @aCN@b610000 | |
| 105 | @aa a 000yy | |
| 200 | 1 | @a数据库原理典型题解析及自测试题@Ashu ju ku yuan li dian xing ti jie xi ji zi ce shi ti@f王亚平主编@Fwang ya ping zhu bian |
| 210 | @a西安@c西北工业大学出版社@d2002.04 | |
| 215 | @a281页@c图@d20cm | |
| 225 | 2 | @a工科课程提高与应试丛书 |
| 320 | @a有书目 (第281页)。 | |
| 330 | @a本书是根据教育部对理工科大学“数据库原理”课程教学的基本要求进行编写,全书通过大量的习题解答揭示了在数据库学习中遇到的典型题的求解规律和方法。 | |
| 410 | 0 | @12001 @a工科课程提高与应试丛书 |
| 606 | 0 | @a数据库@x解题@x高等学校 |
| 690 | @aTP311.131@v4 | |
| 701 | 0 | @a王亚平@Awang ya ping@4主编 |
| 801 | 0 | @aCN@bQSSK@c20050909 |
| 905 | @a10447@dTP311.131@eW414 | |
| 数据库原理典型题解析及自测试题/王亚平主编.-西安:西北工业大学出版社,2002.04 |
| 281页:图;20cm.-(工科课程提高与应试丛书) |
| ISBN 7-5612-1451-0:CNY13.00 |
| 本书是根据教育部对理工科大学“数据库原理”课程教学的基本要求进行编写,全书通过大量的习题解答揭示了在数据库学习中遇到的典型题的求解规律和方法。 |
| ● |
| 相关链接 |
|
|
|
正题名:数据库原理典型题解析及自测试题
索取号:TP311.131/W414
 
预约/预借
| 序号 | 登录号 | 条形码 | 馆藏地/架位号 | 状态 | 备注 |
| 1 | 567976 | 205679764 | 期刊室512/301自科库 40排6列2层/ [索取号:TP311.131/W414] | 在馆 | |
| 2 | 567977 | 205679773 | 自科二线404/301自科库 41排1列3层/ [索取号:TP311.131/W414] | 在馆 | |
| 3 | 567978 | 205679782 | 期刊室512/301自科库 40排6列2层/ [索取号:TP311.131/W414] | 在馆 |